Minimal factorization of matrix and operator functions
Αποθηκεύτηκε σε:
| Κύριοι συγγραφείς: | , , |
|---|---|
| Μορφή: | Βιβλίο |
| Γλώσσα: | English |
| Δημοσίευση: |
Basel ; Boston :
Birkhäuser Verlag,
c1979.
|
| Σειρά: | Operator theory, advances and applications ;
1 |
| Θέματα: | |
| Ετικέτες: |
Προσθήκη ετικέτας
Δεν υπάρχουν, Καταχωρήστε ετικέτα πρώτοι!
|
MARC
| LEADER | 00000nam a2200000 a 4500 | ||
|---|---|---|---|
| 001 | 1/126107 | ||
| 008 | 230207t1979 sz | ||| |||| ||eng|| | ||
| 020 | |a 3764311398 | ||
| 040 | |a GR-MyUa |b gre |c GR-MyUa |e AACR2 | ||
| 041 | 0 | |a eng | |
| 082 | 7 | |a 515.724 |2 (23) | |
| 100 | 1 | |a Bart, H., |q (Harm), |d 1942- | |
| 245 | 1 | 0 | |a Minimal factorization of matrix and operator functions / |c H. Bart, I. Gohberg, M. A. Kaashoek. |
| 260 | |a Basel ; |a Boston : |b Birkhäuser Verlag, |c c1979. | ||
| 300 | |a v, 227 σ. : |b εικ. ; |c 24 εκ. | ||
| 490 | 1 | |a (Operator theory, advances and applications ; |v 1) | |
| 504 | |a Περιέχει βιβλιογραφικές αναφορές και ευρετήριο. | ||
| 650 | 0 | |a Operator-valued functions. | |
| 650 | 0 | |a Matrices. | |
| 650 | 0 | |a Integral equations |x Numerical solutions. | |
| 700 | 1 | |a Gohberg, I. |q (Israel), |d 1928-2009, |e aut | |
| 700 | 1 | |a Kaashoek, M. A. |e aut | |
| 830 | 0 | |a Operator theory, advances and applications ; |v 1 | |
| 970 | |a Γουβάλα |b Βάσω |z 07-02-2023 | ||